Pieczewo (Olsztyn) - Ulice - Statystyki

Ogólne statystyki
  • Ten quiz został rozwiązany 17 razy
    10 od ostatniego zresetowania
  • Średni wynik to 9 z 20
Statystyki odpowiedzi
Litera Ulica % Poprawnych
K Krasickiego
90%
W Wilczyńskiego
90%
J Jeziołowicza
80%
G Gębika
70%
P Panasa
70%
Ś Świtycz-Widackiej
70%
K Kubusia Puchatka
50%
S Sikiryckiego
50%
S Stramkowskiej
50%
S Szymborskiej
40%
T Turkowskiego
40%
W Wachowskiego
40%
Ż Żurawskiego
40%
C Calineczki
30%
D Dąbrowskiej
30%
S Sobocińskiego
30%
K Królewny Śnieżki
20%
K Kruka
20%
N Nienackiego
20%
K Kopciuszka
10%
Nie znaleziono quizów pasujących do podanych kryteriów
Rozkład punktacji
Procent ludzi z każdym wynikiem
Percentyl według liczby udzielonych odpowiedzi
Twoja historia wyników
Nie rozwiązałeś tego quizu od ostatniego zresetowania